000
00333nam a2200145Ia 4500
005
20251222144814.0
008
251222s9999||||xx |||||||||||||| ||spa||
020
_a
970-10-3573-9
082
_a
670/S29
100
_a
Schey, John A.
245
0
_a
Procesos de Manufactura
250
_a
3a.ed.
264
_b
McGRAW-HILL
942
_c
LIB
999
_c
20208
_d
20208